The samizdat press in China's provinces, 1979-1981 : an annotated guide /

Bibliographic Details
Main Author: Widor, Claude
Format: Book
Language:English
Published: Stanford, Calif. : Hoover Institution, Stanford University, [1987]
Series:Hoover Press bibliography ; 70.
Subjects:

MARC

Tag First Indicator Second Indicator Subfields
LEADER 00000cam a2200000 a 4500
001 in00000012428
005 20160520155906.0
008 870505s1987 cau b 00110 eng
010 |a  87013559  
020 |a 0817927026 (pbk.) :  |c $11.95 
035 |a (OCoLC)15791157 
035 |9 AAA4992AM 
040 |a DLC  |c DLC  |d TXA  |d UtOrBLW 
043 |a a-cc--- 
049 |a TXAM  |c [A11041189] 
050 0 0 |a Z6944.U5  |b W53 1987 
050 0 0 |a PN536.U53 
082 0 |a 015.51034  |2 19 
100 1 |a Widor, Claude. 
245 1 4 |a The samizdat press in China's provinces, 1979-1981 :  |b an annotated guide /  |c compiled by Claude Widor. 
264 1 |a Stanford, Calif. :  |b Hoover Institution, Stanford University,  |c [1987] 
264 4 |c ©1987 
300 |a viii, 157 pages ;  |c 28 cm. 
336 |a text  |b txt  |2 rdacontent 
337 |a unmediated  |b n  |2 rdamedia 
338 |a volume  |b nc  |2 rdacarrier 
490 1 |a Hoover Press bibliography ;  |v 70 
504 |a Includes bibliographical references and index. 
650 0 |a Underground press publications  |z China  |x Provinces  |x Bibliography. 
650 0 |a Chinese periodicals  |z China  |x Provinces  |x Bibliography. 
830 0 |a Hoover Press bibliography ;  |v 70. 
999 |a MARS 
999 f f |s fd153afa-178d-3910-b9ba-934dcb8dade4  |i f4c7d1f6-7123-3019-bcec-6a2301c8a464  |t 0 
952 f f |p ric  |a Texas A&M University  |b Rellis Campus  |c Joint Library Facility  |d Remote Storage  |t 0  |e Z6944.U5 W53 1987  |h Library of Congress classification  |i unmediated -- volume  |m A14811041189 
998 f f |a Z6944.U5 W53 1987  |t 0  |l Remote Storage